
Library Catalogue

| 000 -LEADER | |
|---|---|
| fixed length control field | 02169nam a2200229Ia 4500 |
| 003 - CONTROL NUMBER IDENTIFIER | |
| control field | OSt |
| 005 - DATE AND TIME OF LATEST TRANSACTION | |
| control field | 20210420111704.0 |
| 008 - FIXED-LENGTH DATA ELEMENTS--GENERAL INFORMATION | |
| fixed length control field | 160316s2011 xxu||||| |||| 00| 0 eng d |
| 020 ## - INTERNATIONAL STANDARD BOOK NUMBER | |
| International Standard Book Number | 8122500048 |
| 040 ## - CATALOGING SOURCE | |
| Transcribing agency | NLS |
| 082 ## - DEWEY DECIMAL CLASSIFICATION NUMBER | |
| Classification number | 301 BHU |
| 100 ## - MAIN ENTRY--PERSONAL NAME | |
| Personal name | Bhushan Vidya |
| 245 ## - TITLE STATEMENT | |
| Title | An introduction to sociology |
| 250 ## - EDITION STATEMENT | |
| Edition statement | 45h |
| 260 ## - PUBLICATION, DISTRIBUTION, ETC. | |
| Place of publication, distribution, etc. | New Delhi |
| Name of publisher, distributor, etc. | Kitab Mahal |
| Date of publication, distribution, etc. | 2011 |
| 300 ## - PHYSICAL DESCRIPTION | |
| Extent | 936p |
| 365 ## - TRADE PRICE | |
| Price amount | Rs. 390 |
| 505 ## - FORMATTED CONTENTS NOTE | |
| Formatted contents note | Contents:<br/>Part One-Introduction.<br/>1. Definition and scope of sociology.<br/>2. Methods and techniques of sociology.<br/>3. Relation of sociology with other social sciences.<br/><br/>Part Two-The Soceity.<br/>4. Some fundamental concepts.<br/>5. Man and Society.<br/>6. Socialization.<br/>7. Interests and attitutes.<br/>8. The elements of social-talcott parsons.<br/>9. The process of interaction.<br/>10. Soceity and environment.<br/>11. Heredity and environment.<br/><br/>Part Three: Social structure.<br/>12. Social structure-A conceptual over-view.<br/>13. Social system.<br/>14. Types of social groups.<br/>15. Collective behaviour.<br/>16. Social movements.<br/>17. The Family.<br/>18. Family in India.<br/>19. Marriage.<br/>20. Social stratification.<br/>21. Social stratification in India.<br/>22. Role and status.<br/>23. Leadership.<br/>24. Political system.<br/>25. Economic system.<br/>26. Race.<br/><br/>Part Four: Human Ecology.<br/>27. Rural community.<br/>28. The urban community.<br/>29. The nation community.<br/>30. Poluation.<br/><br/>Part Five: Social control.<br/>31. The meaning and nature of social control..<br/>32. Values and norms.<br/>33. Folkways and mores.<br/>34. Custom, law and fashion.<br/>35. Religion and morality.<br/>36. Agencies of social control.<br/><br/>Part Six: Social Change.<br/>37. The theories of social change.<br/>38. The factors of social change.<br/>39. Culture and civilization.<br/>40. Personality.<br/><br/>Part Seven: Social disorganization and social problems.<br/>41. Social disorganization.<br/>42. Major social problems.<br/>43. Social welfare in India.<br/><br/>Part Eight: Social thought.<br/>44. August Comte, Herbert Spencer and Durkheim.<br/>45. Max Weber and Karl Marx.<br/><br/>Bibliography.<br/>Objective type questions.<br/>Answers. |
| 650 ## - SUBJECT ADDED ENTRY--TOPICAL TERM | |
| Topical term or geographic name entry element | 1.Society - Social Organization - Human Social Change |
| 700 ## - ADDED ENTRY--PERSONAL NAME | |
| Personal name | Sachdeva D R |
| -- | |
| 942 ## - ADDED ENTRY ELEMENTS (KOHA) | |
| Source of classification or shelving scheme | Dewey Decimal Classification |
| Koha item type | BOOKs |
| Withdrawn status | Lost status | Damaged status | Not for loan | Home library | Current library | Shelving location | Date acquired | Cost, normal purchase price | Total Checkouts | Full call number | Barcode | Date last seen | Date last checked out | Price effective from | Koha item type |
|---|---|---|---|---|---|---|---|---|---|---|---|---|---|---|---|
| . | . | NAB Compactor | 30.05.2017 | 390.00 | 1 | 301 BHU | 29991 | 20.07.2023 | 05.07.2023 | 30.05.2017 | BOOKs |